NFL Draft Quiz mit Picks und Jahr - Statistiken

Allgemein
  • Dieses Quiz wurde 81 mal gespielt
  • Das Durchschnittsergebnis liegt bei 4 aus 14
Antwortstatistiken
Hint Position Antwort % Korrekt
2000/Runde: 6/Pick: 199 QB Tom Brady
96%
2022 / Round: 7 / Pick: 262 QB Brock Purdy
56%
2009 / Round: 1 / Pick: 1 QB Matthew Stafford
48%
2019/Runde: 1/Pick: 2 DE Nick Bosa
37%
2012/Runde: 3/Pick: 75 QB Russell Wilson
36%
2021/Runde: 4/Pick: 112 WR Amon-Ra St.Brown
26%
2022 / Round: 1 / Pick: 29 OG Cole Strange
23%
2009 / Runde: 7 / Pick: 232 WR Julian Edelman
19%
2018 / Round: 1 / Pick: 18 CB Jaire Alexander
18%
2015/Runde: 5/Pick: 146 WR Stefon Diggs
16%
2014/Runde: 2/Pick: 36 QB Derek Carr
15%
2019/Runde: 4/Pick: 106 DE Maxx Crosby
15%
2021/Runde: 2/Pick: 47 CB Asante Samuel Jr.
8%
2017/Runde: 2/Pick: 36 S Budda Baker
4%
Keine übereinstimmenden Quizze gefunden
Verteilung der Resultate
Anzahl Personen mit jedem Resultat
Perzentil nach korrekt beantworteten Fragen
Ihre Resultats-Entwicklung
Sie haben dieses Quiz noch nicht gespielt